• 首页
  • 本馆介绍
  • 公告通知
  • 最新文献
  • 馆藏检索
  • 电子资源
  • 读者导购
  • 参考咨询
  • 我的图书馆
  • 登录
  • 详细信息显示
  • 放入我的书架
  • 预约/预借图书
  • 作者相关作品
  • 分类相关作品
  • 丛书相关作品
  • 出版社相关作品

书目信息

  • 表格格式
  • 工作单格式
  • 卡片格式
题名:
养生豆浆 米糊 蔬果汁全书
    
 
作者: 陈禹 主编
分册:  
出版信息: 北京   化学工业出版社  2016
页数: 247页
开本: 24cm
丛书名:
单 册:
中图分类: TS214.2 , TS275.5
科图分类:
主题词: 豆制食品--Dou Zhi Shi Pin--饮料--制作 , 果汁饮料--Guo Zhi Yin Liao--制作 , 蔬菜--Shu Cai--饮料--制作
电子资源:
ISBN: 978-7-122-26037-6
000 01064nam0 2200277 45
001 012001005202
005 20131111150718.0
010    @a978-7-122-26037-6@dCNY49.80
099    @aCAL 012016089428
100    @a20160725d2016 em y0chiy50 ea
101 0  @achi
102    @aCN@b110000
105    @aa z 000yy
106    @ar
200 1  @a养生豆浆 米糊 蔬果汁全书@AYang Sheng Dou Jiang Mi Hu Shu Guo Zhi Quan Shu@f陈禹主编
210    @a北京@c化学工业出版社@d2016
215    @a247页@c彩图@d24cm
330    @a本书由营养专家精心为您挑选了几百种经典豆浆、米糊和蔬果汁配方,按照不同功效、适宜人群、常见疾病以及不同季节分别介绍,每一款豆浆、米糊、蔬果汁都有具体的制作步骤,附有精美的图片、详细的养生功效,即便是新手也可以即刻上手,方便轻松地做出美味的浆汁饮品。
606 0  @a豆制食品@ADou Zhi Shi Pin@x饮料@x制作
606 0  @a果汁饮料@AGuo Zhi Yin Liao@x制作
606 0  @a蔬菜@AShu Cai@x饮料@x制作
690    @aTS214.2@v4
690    @aTS275.5@v4
701  0 @a陈禹@AChen Yu@4主编
801  2 @aCN@b江苏凤凰@c20191020
905    @b1213054-7@dTS214.2@e355@f4
    
    养生豆浆 米糊 蔬果汁全书/陈禹主编.-北京:化学工业出版社,2016
    247页:彩图;24cm
    
    
    ISBN 978-7-122-26037-6:CNY49.80
    本书由营养专家精心为您挑选了几百种经典豆浆、米糊和蔬果汁配方,按照不同功效、适宜人群、常见疾病以及不同季节分别介绍,每一款豆浆、米糊、蔬果汁都有具体的制作步骤,附有精美的图片、详细的养生功效,即便是新手也可以即刻上手,方便轻松地做出美味的浆汁饮品。
●
相关链接 在E读中查询图书 在五车中查询图书 在当当中查询图书 在豆瓣中查询图书


正题名:养生豆浆 米糊 蔬果汁全书     索取号:TS214.2/355         预约/预借

序号 登录号 条形码 馆藏地/架位号 状态 备注
1 1213054   212130549   第二样本阅览室/ [索取号:TS214.2/355] 在馆    
2 1213055   212130558   第三借阅区/ [索取号:TS214.2/355] 在馆    
3 1213056   212130567   第三借阅区/ [索取号:TS214.2/355] 在馆    
4 1213057   212130576   第三借阅区/ [索取号:TS214.2/355] 在馆    
唐山师范学院图书馆 欢迎您!
大连网信软件有限公司© 版权所有